000 00800nam a2200253Ia 4500
003 OSt
005 20220923224711.0
006 a|||||r|||| 00| 0
007 ta
008 220922b |||||||| |||| 00| 0 hin d
024 _a248,921
037 _cTextual
040 _aARTS
_cARTS
_bhin
041 _2hin
_ahin
082 _aO152:g, H8
100 _aस्नातक, विजयेन्द्र
245 0 _aसाहित्य और कला
246 _aSāhitya aur kalā
260 _aदिल्ली
_b सम्राट प्रेस
_c1948
300 _a130पृ.
_ccm.
650 _aहिन्दी साहित्य
_9156264
942 _hO152:g, H8
_cTEXL
_2CC
999 _c373072
_d373072